• 首页
  • 本馆介绍
  • 公告通知
  • 最新文献
  • 馆藏检索
  • 电子资源
  • 读者导购
  • 参考咨询
  • 我的图书馆
  • 登录
  • 详细信息显示
  • 放入我的书架
  • 预约/预借图书
  • 作者相关作品
  • 分类相关作品
  • 丛书相关作品
  • 出版社相关作品

书目信息

  • 表格格式
  • 工作单格式
  • 卡片格式
题名:
风险分析与安全评价
    
 
作者: 罗云 编著
分册:  
出版信息: 北京   化学工业出版社  2010
页数: 261页
开本: 24cm
丛书名: 安全健康新知丛书
单 册:
中图分类: X931
科图分类:
主题词: 工业生产--风险分析--研究 , 工业生产 , 风险分析
电子资源:
ISBN: 978-7-122-06818-7
000 00969oam2 2200289 45
001 1033011734
005 20100407095232.62
010    @a978-7-122-06818-7@dCNY40.00
100    @a20100331d2010 em y0chiy50 ea
101 0  @achi
102    @aCN@b110000
105    @ay z 000yy
106    @ar
200 1  @a风险分析与安全评价@AFeng Xian Fen Xi Yu An Quan Ping Jia@f罗云等编著@FLuo Yun Deng Bian Zhu
205    @a2版
210    @a北京@c化学工业出版社@d2010
215    @a261页@d24cm
225 2  @a安全健康新知丛书
330    @a本书论述了现代工业风险的现状,风险防范科学的发展、风险管理的基本思路和策略,先进的风险分析与安全评价理论和方法,缜密的风险辨识、科学的风险评估、有效的风险控制理论和方法。
461  0 @12001 @a安全健康新知丛书
606 0  @a工业生产@x风险分析@x研究
606 0  @a工业生产
606 0  @a风险分析
690    @aX931@v4
701  0 @a罗云@ALuo Yun@f(1956~)@4编著
801  0 @aCN@bTANGWEI@c20100407
905    @b0587480-84@dX931@e4=2@f5
    
    风险分析与安全评价/罗云等编著.-2版.-北京:化学工业出版社,2010
    261页;24cm.-(安全健康新知丛书)
    
    
    ISBN 978-7-122-06818-7:CNY40.00
    本书论述了现代工业风险的现状,风险防范科学的发展、风险管理的基本思路和策略,先进的风险分析与安全评价理论和方法,缜密的风险辨识、科学的风险评估、有效的风险控制理论和方法。
●
相关链接 在E读中查询图书 在五车中查询图书 在当当中查询图书 在豆瓣中查询图书


正题名:风险分析与安全评价     索取号:X931/4=2         预约/预借

序号 登录号 条形码 馆藏地/架位号 状态 备注
1 0587480   205874801   第二样本阅览室/ [索取号:X931/4=2] 在馆    
2 0587481   205874810   第三借阅区/ [索取号:X931/4=2] 在馆    
3 0587482   205874829   第三借阅区/ [索取号:X931/4=2] 在馆    
4 0587483   205874838   第三借阅区/ [索取号:X931/4=2] 在馆    
5 0587484   205874847   第三借阅区/ [索取号:X931/4=2] 在馆    
唐山师范学院图书馆 欢迎您!
大连网信软件有限公司© 版权所有